000
00296nam a2200133Ia 4500
008
231129s1961||||xx |||||||||||||| ||spa||
040
_b
spa
082
_a
E868.4 G216
100
_a
Garcia Lorca Federico
245
0
_a
Obras completas
260
_c
1961
264
_a
Losada
942
_2
ddc
_c
BKS
999
_c
21996
_d
21996